000
00436nam a2200145Ia 4500
008
100122s9999 xx 000 0 und d
082
_b
29056
_a
823
100
_a
रांगणेकर कुमुदिनी
245
_a
चार उणे एक
260
_b
शशीदिप प्रकाशन
_c
1905
300
_a
184
630
_a
चार उणे एक
730
_a
चार उणे एक
942
_c
BOOK
999
_c
414530
_d
414527